| 000 | 00724cam a22002291 4500 | ||
|---|---|---|---|
| 001 | rc 01002050 | ||
| 003 | DLC | ||
| 005 | 20260227111905.0 | ||
| 007 | cr_||||||||||| | ||
| 008 | 860520s1876 ilu 000 0 eng | ||
| 010 | _arc 01002050 | ||
| 035 | _a(OCoLC)13592066 | ||
| 040 |
_aDLC _cIHi _dDLC |
||
| 042 | _apremarc | ||
| 050 | 0 | 0 |
_aF547.J5 _bH2 |
| 100 | 1 | _aHamilton, B. B. | |
| 245 | 0 | 0 |
_aHistorical sketch of Jersey County, Illinois. _bDelivered at Jerseyville, July 4, 1876. |
| 260 |
_aJacksonville, Ill., _bCourier Printing House, _c1876. |
||
| 300 |
_a36 pp. _c8vo. |
||
| 530 | _aAlso available in digital form on the Internet Archive Web site. | ||
| 856 | 4 | 1 | _uhttp://hdl.loc.gov/loc.gdc/scd0001.00160951059 |
| 999 |
_c52231 _d52231 |
||